| 000 | 00955nam0a22002891 4500 | ||
|---|---|---|---|
| 001 | rc\4364487 | ||
| 005 | 20250612061611.0 | ||
| 021 |
_aRU _b[57-34504] |
||
| 035 | _a(NLR Aleph) 008537452 | ||
| 090 |
_a8326064 _c8326064 |
||
| 100 | _a20130416d1957 |||y0rusy50 ca | ||
| 101 | 0 | _arus | |
| 102 | _aRU | ||
| 105 | _aa z ||||| | ||
| 200 | 1 | _aТехнологические основы конструирования в машиностроении | |
| 205 | _a2-е изд., перераб. | ||
| 210 |
_aМосква _cМашгиз _d1957 |
||
| 215 |
_a693 с., 1 л. черт. _cил. _d27 |
||
| 320 | _aБиблиогр.: с. 684-689 | ||
| 606 |
_aМашиностроение _2psbo |
||
| 606 |
_aМашины _xКонструкция и расчет _2psbo |
||
| 700 | 1 |
_aГокун _bВ.Б. _gВладимир Борисович |
|
| 801 | 0 |
_aRU _bNLR _gpsbo |
|
| 801 | 1 |
_aRU _bELAR _2rusmarc |
|
| 852 |
_aNLR _j57-7/1345 |
||
| 942 | _cBOOK | ||
| 980 | _aNB | ||